000 00729nam a22002417a 4500
001 BR7305142
003 BR-BrBNA
005 20240202100629.0
007 ta
008 230509b bl.||||| |||| 00| 0 por d
040 _aBR-BrBNA
_bpor
_cBiblioteca Nacional de Agricultura
041 _a(Por)
072 _aA50; E30
090 _aA50
_bBR7305142
110 1 _aEmpresa Brasileira de Pesquisa Agropecuaria, Brasilia, DF (Brasil)
245 1 _aMaterial para analise da programacao 1975 e 76 [Projeto de pesquisa, avaliacao, Brasil]
260 3 _aBrasilia, DF (Brasil):
_c[nd].
300 _a170 p.
650 _aPROGRAMA DE PESQUISA
650 _aPESQUISA AGRICOLA
650 _aDESENVOLVIMENTO AGRICOLA
942 _cBK
_2AGRIS
999 _c16816
_d16816